Handbook of solid waste management. (2nd ed.) (Record no. 45324)

MARC details
000 -LEADER
fixed length control field 00792nam a2200217 a 4500
008 - FIXED-LENGTH DATA ELEMENTS--GENERAL INFORMATION
fixed length control field 060316s2002 ||||||||||||||||| || u
020 ## - INTERNATIONAL STANDARD BOOK NUMBER
International Standard Book Number 0071356231
050 ## - LIBRARY OF CONGRESS CALL NUMBER
Classification number TD791
100 ## - MAIN ENTRY--PERSONAL NAME
Personal name Kreith, Frank
245 10 - TITLE STATEMENT
Title Handbook of solid waste management. (2nd ed.)
Statement of responsibility, etc. edited George Tchobanoglous
250 ## - EDITION STATEMENT
Edition statement 2nd ed.
260 ## - PUBLICATION, DISTRIBUTION, ETC.
Place of publication, distribution, etc. New York :
Name of publisher, distributor, etc. McGraw-Hill
Date of publication, distribution, etc. 2002
300 ## - PHYSICAL DESCRIPTION
Extent 1 v. (various pagings) : ill.
350 ## - PRICE (NR) (BK AM CF MU VM SE) [OBSOLETE]
Price 0.00
490 ## - SERIES STATEMENT
Series statement McGraw-Hill handbooks
500 ## - GENERAL NOTE
General note Includes bibliographical references
650 ## - SUBJECT ADDED ENTRY--TOPICAL TERM
Topical term or geographic name entry element REFUSE AND REFUSE DISPOSAL
700 ## - ADDED ENTRY--PERSONAL NAME
Personal name Tchobanoglous, George
856 ## - ELECTRONIC LOCATION AND ACCESS
Uniform Resource Identifier <a href="http://www.loc.gov/catdir/toc/mh031/2002021284.html">http://www.loc.gov/catdir/toc/mh031/2002021284.html</a>
995 ## - RECOMMENDATION 995 [LOCAL, UNIMARC FRANCE]
-- 0.00
-- CBU-MAIN LIBRARY (Kitwe)
-- 1
-- 52.00
-- 1
-- AVAILABLE
-- Reference Collection
Holdings
Withdrawn status Lost status Source of classification or shelving scheme Damaged status Not for loan Home library Current library Shelving location Date acquired Total Checkouts Full call number Barcode Date last seen Price effective from Koha item type
          CBU-MAIN LIBRARY, KITWE. CBU-MAIN LIBRARY, KITWE.   11/30/2022   TD791 40595 11/30/2022 11/30/2022 MONOGRAPH